Myslím, teda som nenechajte svoj mozog zaháľať

Bibliographic Details
Main Authors: Berová, Zuzana, 1966- (Author), Bero, Peter, 1950- (Author), Bero, Jakub (Author), Bero, Július (Author), Bero, Pavel (Author), Bodláková, Silvia (Author), Burjanová, Ľudmila (Author), Burjan, Vladimír, 1960- (Author), Dományová, Mária (Author), Kamhalová, Renáta (Author), Krajči, Stanislav, 1969- (Author), Škrovanová, Mária (Author)
Other Authors: Hatala, Martin, 1988- (Illustrator), Lörinczová, Lívia (Bookjacket designer)
Format: Book
Language:Slovak
PhysicalDescription:139 strán ilustrácie, schémy, tabuľky 21 cm
Published: Bratislava LiberaTerra, s.r.o. 2023
ISBN:9788089792948
Edition:Prvé vydanie
Subjects:

MARC

LEADER 00000cam a2200000 4500
001 vtls012249072
003 SK-MaSNL
005 20260301132603.0
008 240126s2023 xo al g f 000 0 slo
015 |a SNBA2024/03 
020 |a 9788089792948  |q (brožované) 
040 |a SNK  |b slo  |c SNK  |e rda 
041 0 |a slo 
044 |a xo  |c SK 
072 7 |a 793  |x Spoločenské zábavy  |2 konspekt 
080 |a 793.7  |2 2011 
080 |a (035)  |2 2011 
100 1 |a Berová, Zuzana,  |d 1966-  |4 aut  |9 67320 
245 1 0 |a Myslím, teda som  |b nenechajte svoj mozog zaháľať  |c autori Zuzana Berová, Petr Bero, Jakub Bero, Július Bero, Pavel Bero, Silvia Bodláková, Ľudmila Burjanová, Vladimír Burjan, Mária Dományová, Renáta Kamhalová, Stanislav Krajči, Mária Škrovanová 
246 3 0 |a Nenechajte svoj mozog zaháľať 
246 1 |i Obálkový podnázov:  |a Váš mentálny fitness 
250 |a Prvé vydanie 
264 1 |a Bratislava  |b LiberaTerra, s.r.o.  |c 2023 
300 |a 139 strán  |b ilustrácie, schémy, tabuľky  |c 21 cm 
336 |a text  |b txt  |2 rdacontent 
336 |a statický obraz  |b sti  |2 rdacontent 
337 |a bez média  |b n  |2 rdamedia 
338 |a zväzok  |b nc  |2 rdacarrier 
650 0 7 |a rébusy  |2 SNKPH  |9 69810 
650 0 7 |a Rebuses  |2 SNKPHeng  |9 333792 
650 0 7 |a hádanky  |2 SNKPH  |9 1511 
650 0 7 |a Riddles  |2 SNKPHeng  |9 312972 
650 0 7 |a hlavolamy  |2 SNKPH  |9 3312 
650 0 7 |a Brainteasers  |2 SNKPHeng  |9 333791 
655 7 |a príručky  |2 SNKPH  |9 74364 
655 7 |a Handbooks, manuals, etc.  |2 SNKPHeng  |9 90964 
700 1 |a Bero, Peter,  |d 1950-  |4 aut  |9 215146 
700 1 |a Bero, Jakub  |4 aut  |9 483615 
700 1 |a Bero, Július  |4 aut  |9 483616 
700 1 |a Bero, Pavel  |4 aut  |9 483617 
700 1 |a Bodláková, Silvia  |4 aut  |9 164047 
700 1 |a Burjanová, Ľudmila  |4 aut  |9 301605 
700 1 |a Burjan, Vladimír,  |d 1960-  |4 aut  |9 104648 
700 1 |a Dományová, Mária  |4 aut  |9 483618 
700 1 |a Kamhalová, Renáta  |4 aut  |9 483619 
700 1 |a Krajči, Stanislav,  |d 1969-  |4 aut  |9 202798 
700 1 |a Škrovanová, Mária  |4 aut  |9 483620 
700 1 |a Hatala, Martin,  |d 1988-  |4 ill  |4 bkd  |9 173485 
700 1 |a Mikus, Viktor  |4 bkd  |9 373930 
700 1 |a Lörinczová, Lívia  |4 bjd  |9 373931 
700 1 |a Martinovičová, Eva  |4 oth  |9 483621 
700 1 |a Martinovič, Milan  |4 oth  |9 483622 
852 |a Slovenská národná knižnica 
919 |a 978-80-89792-94-8 
954 |a odborná, vedecká literatúra pôvodná (slovenská)  |2 lita 
999 |c 751388  |d 753318 
952 |a SNK  |b SNK  |y PREZ  |7 0  |p 17A1544143  |o snkSC 205079  |i snk2024/1854  |8 0  |0 0  |1 0  |4 0  |d 2024-02-01  |l 0  |r 2025-10-28 00:00:00  |w 2026-02-23 
952 |a SNK  |b SNK  |y VYP  |7 0  |p 17A1545406  |o snkSC 205079 D1  |i snk2024/4022  |8 3  |g 14.37  |0 0  |1 0  |4 0  |d 2024-03-08  |l 0  |r 2026-02-23 23:32:19  |w 2026-02-23